00442 2200181 4500001002100000008004100021035002000062245002200082100001500104260003700119300002000156020002200176084001400198082000800212650001000220990001500230990001500245INLIS000000000003186 ind  a0010-1225000007 aPulangcTere Liye aLiye, Tere aDepok :bPT Sabak Grip Nusantara a395c13,5x20 cm a978-623-95545-0-7 a813 LIY p a813 aFiksi a19604/B/26 a19605/B/26